000
00300nam a2200121Ia 4500
008
190216s9999||||xx |||||||||||||| ||und||
100
_a
Rowland I Reed
245
0
_a
Modern Aspects Of Mass Spectrometry
260
_b
Plenum Press
_c
1968
300
_a
389p
650
_a
Chemistry-Chemistry
942
_c
BK
999
_c
2439
_d
2439